000 00553nam a22001817a 4500
999 _c171470
_d171470
005 20200114114846.0
010 _aENG-127406
020 _a9789388478007
_c425.00
035 _aEN-110938
037 _bDBAD/PUB
082 _a515.24
100 _aChandrasekharaiah,D.S
245 _aCalculus and linear algebra/
_cby D.S.Chandrasekharaiah
260 _aBengaluru
_bPrism books
_c2018
270 _a1865,32nd cross,10th main,Banashankari II stage
_bBengaluru
_e560070
300 _a395p.
_c24cm(pbk)
942 _2ddc
_cEN
_h515.24
_mCHA